Central Library OPAC University of Rajshahi

Audience and actors : (Record no. 62235)

MARC details
000 -LEADER
fixed length control field 00795nam a2200253 a 4500
001 - CONTROL NUMBER
control field 62235
003 - CONTROL NUMBER IDENTIFIER
rucl marc code BD-RjUL
005 - DATE AND TIME OF LATEST TRANSACTION
control field 20211209081046.0
008 - FIXED-LENGTH DATA ELEMENTS--GENERAL INFORMATION
fixed length control field 170123s1983 ne b 001 0 eng
020 ## - INTERNATIONAL STANDARD BOOK NUMBER
International Standard Book Number 9004068864 (pbk.) :
Terms of availability fl 80.00
035 ## - SYSTEM CONTROL NUMBER
System control number (BD-RjUL)62361
040 ## - CATALOGING SOURCE
Original cataloging agency DLC
Transcribing agency DLC
Modifying agency BD-RjUL
Language of cataloging eng
041 ## - LANGUAGE CODE
Language code of text/sound track or separate title eng
082 00 - DEWEY DECIMAL CLASSIFICATION NUMBER
Classification number 792.0952
Edition number 23
Author mark and year RAA 1983
100 1# - MAIN ENTRY--PERSONAL NAME
Personal name Raz, Jacob.
9 (RLIN) 185104
245 10 - TITLE STATEMENT
Title Audience and actors :
Remainder of title a study of their interaction in the Japanese traditional theatre /
Statement of responsibility, etc. by Jacob Raz.
260 ## - PUBLICATION, DISTRIBUTION, ETC. (IMPRINT)
Place of publication, distribution, etc. Leiden :
Name of publisher, distributor, etc. E.J. Brill,
Date of publication, distribution, etc. 1983.
300 ## - PHYSICAL DESCRIPTION
Pagination xii, 307 p. ;
Size 24 cm.
504 ## - BIBLIOGRAPHY, ETC. NOTE
Bibliography, etc Includes index and bibliography
650 #0 - SUBJECT ADDED ENTRY--TOPICAL TERM
Topical term or geographic name as entry element Theater audiences
Geographic subdivision Japan.
9 (RLIN) 185105
Topical term or geographic name as entry element Theater
Geographic subdivision Japan
General subdivision History.
9 (RLIN) 185106
942 ## - ADDED ENTRY ELEMENTS (KOHA)
Source of classification or shelving scheme Dewey Decimal Classification
Koha item type Books
Holdings
Lost status Source of classification or shelving scheme Damaged status Not for loan Collection code Permanent Location Current Location Shelving location Date acquired Source of acquisition Total Checkouts Full call number Date last seen Copy number Koha item type
  Dewey Decimal Classification   Not For Loan Non-fiction Central Library, University of Rajshahi Central Library, University of Rajshahi Reading Room 05/07/1994 Asia foundation   792.0952 RAA 1983 23/01/2017 C-1 Books